Регионална библиотека "Любен Каравелов" - Русе

Сочинения (Запис номер 428779)

MARC детайли
000 -Лидер
Контролно поле с фиксирана дължина nam a22 a 4500
003 - Код на организацията, давaща контролен номер
Контролно поле BLK
005 - Дата и час на последна редакция
Контролно поле 20210817133424.0
008 - Елементи от данни с фиксирана дължина
fixed length control field 201022b bu |||||r|||| 00| | bu d
040 ## - Източник на каталожния запис
Идентификатор на билиотеката - собственик на записа BLK
041 ## - Код за език
Код за езика на текст/звукозапис или на отделно заглавие Руски
Код за езика КДБФ Руски
080 ## - УДК
Текстов определител УДК Руска литература
УДК код - определител по УДК 821.161.1
УДК определител .09
УДК - код + определител 821.161.1.09
100 ## - Редна дума - Автор
R(LIN) 1299
Автор Писарев, Дмитрий Иванович
Авторска отговорност първи автор
139 ## - Редно поле
Редна дума Писарев, Дмитрий Иванович
245 ## - Сведения за заглавието
Заглавие Сочинения
Подзаглавни данни В 4 т.
Редно поле (дума) Д. И. Писарев; Подготовка текста, вступ. статья и примеч. Ю. С. Сорокина
Том Т. 2
Заглавие на том Статьи. 1862-1864
260 ## - Област на издателските данни
Място на издаване, разпространение и проч. Москва
Име на издателя, разпространителя и проч. Гослитиздат
Година на издаване 1955
9 (RLIN) 438196
300 ## - Физическа характеристика
Страници 23 см
380 ## - Жанр
Жанр Литературознание
700 ## - Други автори (авторска отговорност)
9 (RLIN) 494
Лично име Сорокин, Юрий Иванович
Автороска отговорност (Описва отношението между автора и произведението) вступ. статья
760 ## - Описание на основната серия
Редна дума на основното описание Писарев, Дмитрий Иванович
Страници - том 432 с.
Част - том Т. 2 Статьи. 1862-1864
Заглавие Сочинения
852 ## - Местоположение
Форматна сигнатура Цб 8.225.47291
Фондова буква Основен фонд - ползва се само за читалня
999 ## - СИСТЕМНИ КОНТРОЛНИ НОМЕРА
Koha biblionumber 428779
Koha biblioitemnumber 428779
942 ## - АРТИКУЛИ
Вид на библиотечния материал Книги
Скрит в OPAC Не
Периодичен библиозапис Да
944 ## - СЪЗДАВАНЕ И РЕДАКЦИЯ на ЗАПИСА
Създаване/Редакция Създаване
Дата на регистрацията/редакция 2021-08-17
Служител, извършил регистрацията/редакцията К.Д.
Наличности
Код за отписване Код за изгубен артикул Източник на класификационната схема Код за повреда Коз за рестрикции Код за отдаване Артикулен № Име на библиотеката - собственик Име на библиотеката, в която се намира в момента Статус (Текущо местоположение) Дата на вписване в системата Местоположение - отдел Цена в лева Инвентарен номер Систематично азбучна сигнатура Баркод Цена в евро Служебен тип на артикула
  Не е изгубен Universal Decimal Classification Не е повреден само за читалня ползва се в читалня 849134 Регионална библиотека "Любен Каравелов" Русе Регионална библиотека "Любен Каравелов" Русе Хранилище 2021-08-18 Основен фонд - ползва се само за читалня 0.96 1219/56 Цб 8.225.47291 900000074725 0.49 Книги
Vip Innovations Ltd, Rousse, Bulgaria 2025